000 00740nam a2200157 i 4500
001 185175
003 ES-MaACL
005 20230906222349.0
008 160404s1887 sp |||| | spa d
111 2 _aExposición Universal (
_d1888.
_cBarcelona)
_9153421
245 1 0 _aMemorias de la Junta Directiva y del director facultativo de las obras
_b: plano general del certamen, se publica por acuerdo del Excmo. Ayuntamiento de 25 de abril de 1887.
260 _aBarcelona :
_b[s.n.],
_c1887 (
_fEst. tip. de los Sucesores de N. Ramirez)
300 _a22 p., [1] plano pleg. col. ;
_c25 cm.
611 2 _aExposición Universal.
_d1888.
_cBarcelona)
_9153421
852 _aES-MaACL
_jT-451-F-9
_z- Enc. en un vol. facticio falto de la cub. original
999 _c185175
_d185175